[Event "Groningen op 59th"]
[Site "Groningen"]
[Date "2023.12.29"]
[Round "8"]
[White "Bakija, Alan"]
[Black "Spit, Vincent"]
[Result "1-0"]
[WhiteElo "2010"]
[BlackElo "2076"]
[PlyCount "95"]
[EventDate "2023.12.21"]
[EventType "swiss"]
[EventRounds "9"]
[EventCountry "NED"]
[SourceTitle "CB04_2024"]
[SourceDate "2023.10.16"]
[SourceVersion "1"]
[SourceVersionDate "2023.10.16"]
[SourceQuality "1"]

1. e4 d5 2. exd5 Qxd5 3. Nc3 Qd8 4. d4 Nf6 5. Nf3 Bg4 6. h3 Bxf3 7. Qxf3 c6 8. g4 h6 9. Be3 e6 10. 0-0-0 Bb4 11. g5 hxg5 12. Bxg5 Bxc3 13. bxc3 Qd5 14. Qxd5 cxd5 15. Bxf6 gxf6 16. c4 dxc4 17. d5 Nd7 18. Bxc4 Nb6 19. Bb5+ Ke7 20. dxe6 fxe6 21. h4 Rac8 22. Rdg1 Rh7 23. Rg3 Nd5 24. Kb2 a6 25. Bd3 f5 26. a4 Nb4 27. Kb3 Nxd3 28. Rxd3 e5 29. Rhd1 Rxh4 30. Rd7+ Kf6 31. Rxb7 Rc6 32. Rd2 Rhc4 33. Rb4 Rxb4+ 34. Kxb4 f4 35. c4 e4 36. c5 Ke5 37. Re2 Rc8 38. Kc4 Rd8 39. c6 Rc8 40. Kc5 Rf8 41. c7 e3 42. a5 Ke4 43. fxe3 f3 44. Re1 f2 45. Rf1 Kxe3 46. Kb6 Rf6+ 47. Kb7 Rf7 48. Kb8 1-0